|
|
|
|
| LEADER |
00000nam a2200000 i 4500 |
| 001 |
1/14656 |
| 008 |
961008s1984 gre d |
| 035 |
|
|
|a 1987
|b 1
|c Τσιάκαλος
|l 10019507
|
| 035 |
|
|
|a 1996
|b 3
|c Δωρεά
|
| 035 |
|
|
|a 1993
|b 1
|c Δωρεά
|
| 040 |
|
|
|a GR-MY-UA
|b gre
|e aacr
|
| 041 |
0 |
|
|a gre
|
| 082 |
0 |
|
|a 370.115
|
| 100 |
1 |
|
|a Δημητράκος, Δημήτρης Π.,
|d 1936-
|
| 245 |
1 |
0 |
|a Παιδεία και κοινωνική αναμόρφωση :
|b μια γκραμσιανή προσέγγιση /
|c Δ. Δημητράκος
|
| 260 |
|
|
|a Αθήνα :
|b Νεφέλη,
|c c1984
|
| 300 |
|
|
|a 118 σ.
|
| 650 |
0 |
0 |
|a Education and state.
|
| 650 |
0 |
0 |
|a Social evolution.
|
| 852 |
|
|
|a INST
|b LESVOS
|e 19980512
|h 370.115 ΔΗΜ
|p 005100014052
|q 005100014052
|t BK
|y 0
|
| 852 |
|
|
|a INST
|b RHODES
|e 19970220
|h 370.115 ΔΗΜ
|p 005400000612
|q 005400000612
|t BK
|y 0
|
| 852 |
|
|
|a INST
|b RHODES
|e 19970220
|h 370.115 ΔΗΜ
|p 005400000613
|q 005400000613
|t BK
|y 0
|
| 852 |
|
|
|a INST
|b RHODES
|e 19970220
|h 370.115 ΔΗΜ
|p 005400000614
|q 005400000614
|t BK
|y 0
|
| 852 |
|
|
|a INST
|b RHODES
|e 19970220
|h 370.115 ΔΗΜ
|p 005400000615
|q 005400000615
|t BK
|y 0
|
| 852 |
|
|
|a INST
|b RHODES
|e 19970220
|h 370.115 ΔΗΜ
|p 005400000616
|q 005400000616
|t BK
|y 0
|
| 852 |
|
|
|a INST
|b RHODES
|e 19970220
|h 370.115 ΔΗΜ
|p 005400000617
|q 005400000617
|t BK
|y 0
|
| 852 |
|
|
|a INST
|b RHODES
|e 19961008
|h 370.115 ΔΗΜ
|p 005400006034
|q 005400006034
|t BK
|y 0
|
| 852 |
|
|
|a INST
|b RHODES
|e 19961127
|h 370.115 ΔΗΜ
|p 005400006946
|q 005400006946
|t BK
|y 0
|
| 852 |
|
|
|a INST
|b RHODES
|e 19961127
|h 370.115 ΔΗΜ
|p 005400006947
|q 005400006947
|t BK
|y 0
|
| 852 |
|
|
|a INST
|b RHODES
|e 19961127
|h 370.115 ΔΗΜ
|p 005400006948
|q 005400006948
|t BK
|y 0
|
| 852 |
|
|
|a INST
|b RHODES
|e 19961127
|h 370.115 ΔΗΜ
|p 005400006949
|q 005400006949
|t BK
|y 0
|
| 852 |
|
|
|a INST
|b RHODES
|e 19961127
|h 370.115 ΔΗΜ
|p 005400006950
|q 005400006950
|t BK
|y 0
|
| 852 |
|
|
|a INST
|b RHODES
|e 19961127
|h 370.115 ΔΗΜ
|p 005400006951
|q 005400006951
|t BK
|y 0
|
| 852 |
|
|
|a INST
|b RHODES
|e 19961127
|h 370.115 ΔΗΜ
|p 005400006952
|q 005400006952
|t BK
|y 0
|
| 852 |
|
|
|a INST
|b RHODES
|e 19970220
|h 370.115 ΔΗΜ
|p 005400007766
|q 005400007766
|t BK
|y 0
|
| 901 |
|
|
|a BIBL-1998-2
|
| 909 |
|
|
|a Λ
|b 055964
|
| 909 |
|
|
|a Ρ
|b 006479
|c 1987
|
| 909 |
|
|
|a Ρ
|b 024745
|c 1993
|
| 909 |
|
|
|a Ρ
|b 024746
|c 1993
|
| 909 |
|
|
|a Ρ
|b 024747
|c 1993
|
| 909 |
|
|
|a Ρ
|b 024748
|c 1993
|
| 909 |
|
|
|a Ρ
|b 024749
|c 1993
|
| 909 |
|
|
|a Ρ
|b 024750
|c 1993
|
| 909 |
|
|
|a Ρ
|b 024751
|c 1993
|
| 909 |
|
|
|a Ρ
|b 042875
|c 1996
|
| 909 |
|
|
|a Ρ
|b 042876
|c 1996
|
| 909 |
|
|
|a Ρ
|b 042877
|c 1996
|
| 909 |
|
|
|a Ρ
|b 042878
|c 1996
|
| 909 |
|
|
|a Ρ
|b 042879
|c 1996
|
| 909 |
|
|
|a Ρ
|b 042880
|c 1996
|
| 909 |
|
|
|a Ρ
|b 042881
|c 1996
|
| 922 |
|
|
|a 1ΕΛΗ
|b 199804
|c ΚΠΣ/ΤΚ
|d EMVASIS
|
| 950 |
|
|
|a 103-1998-02-03
|